| 000 | 00609nam a2200217Ia 4500 | ||
|---|---|---|---|
| 003 | PE SENCICO BE | ||
| 005 | 20251020182425.0 | ||
| 008 | 200515s9999 xx 000 0 und d | ||
| 020 | _a958-16-0001-9 | ||
| 040 |
_aPE SENCICO BE _cPE SENCICO BE |
||
| 041 | _aspa | ||
| 082 |
_a881 _bH72 |
||
| 100 | 1 |
_aHomero _92048 |
|
| 245 | 1 | 0 |
_aLa Iliada / _cHomero |
| 260 |
_aBarcelona : _aBogotá : _bLa Montaña Mágica, _csin año |
||
| 300 |
_aix, 363 p. : _c18 cm. |
||
| 490 | _aObras inmortales | ||
| 650 | 1 | 0 |
_aPoesías épicas griegas _92049 |
| 650 | 2 | 0 |
_aLiteratura griega clásica _92050 |
| 942 |
_cLIB _2ddc |
||
| 999 |
_c78 _d78 |
||